The seventeenth-century literature handbook / (Record no. 39460)
[ view plain ]
| 000 -LEADER | |
|---|---|
| fixed length control field | 00850nam a2200205 a 4500 |
| 005 - DATE AND TIME OF LATEST TRANSACTION | |
| control field | 20140311163020.0 |
| 008 - FIXED-LENGTH DATA ELEMENTS--GENERAL INFORMATION | |
| fixed length control field | 121029s19uu xx 00 eng d |
| 020 ## - INTERNATIONAL STANDARD BOOK NUMBER | |
| International Standard Book Number | 9780631220916 |
| 050 ## - LIBRARY OF CONGRESS CALL NUMBER | |
| Classification number | PR 71 |
| Item number | .G76 2011 |
| 100 ## - MAIN ENTRY--PERSONAL NAME | |
| Personal name | Grossman, Marshall |
| 245 ## - TITLE STATEMENT | |
| Title | The seventeenth-century literature handbook / |
| Statement of responsibility, etc | Marshall Grossman. |
| 260 ## - PUBLICATION, DISTRIBUTION, ETC. (IMPRINT) | |
| Place of publication, distribution, etc | Oxford, UK : |
| Name of publisher, distributor, etc | Wiley-Blackwell, |
| Date of publication, distribution, etc | 2011. |
| 300 ## - PHYSICAL DESCRIPTION | |
| Extent | xxii, 406 p. : |
| Other physical details | ill. ; |
| Dimensions | 23 cm. |
| 440 ## - SERIES STATEMENT/ADDED ENTRY--TITLE | |
| Title | Blackwell literature handbooks |
| 500 ## - GENERAL NOTE | |
| General note | Includes index |
| 520 ## - SUMMARY, ETC. | |
| Summary, etc | The Seventeenth Century Handbook provides the undergraduate with a succinct account of the century's events, along with an exploration of the ways the literature reflected and helped shape the history of the time |
| 650 ## - SUBJECT ADDED ENTRY--TOPICAL TERM | |
| Topical term or geographic name as entry element | English literature |
| General subdivision | 17th century |
| -- | History and criticism |
| 942 ## - ADDED ENTRY ELEMENTS (KOHA) | |
| Koha item type | Books |
| Source of classification or shelving scheme | Library of Congress Classification |
| Call number prefix | Foreign |
| Withdrawn status | Lost status | Source of classification or shelving scheme | Damaged status | Home library | Current library | Shelving location | Date acquired | Source of acquisition | Cost, normal purchase price | Total Checkouts | Full call number | Barcode | Date last seen | Copy number | Price effective from | Koha item type |
|---|---|---|---|---|---|---|---|---|---|---|---|---|---|---|---|---|
| Library of Congress Classification | Archives | Archives | 10/29/2012 | Donation | 2557.00 | PR 71 .G76 2011 | C16052 | 10/30/2014 | 1 | 10/10/2013 | Books |